Divine Scripture and Human Emotion in Maximus the Confessor : Exegesis of the Human Heart /
"In Exegesis of the Human Heart Andrew J. Summerson explores how Maximus the Confessor uses biblical interpretation to develop an account of human passibility, from fallen human passions to perfected human emotions among the divinized. This book features Maximus's role as a creative interp...
المؤلف الرئيسي:
التنسيق: كتاب الكتروني
اللغة: English
منشور في:
Leiden; Boston :
BRILL,
2021.
سلاسل:
The Bible in Ancient Christianity ;
15.
Biblical Studies, Ancient Near East and Early Christianity E-Books Online, Collection 2021, ISBN: 9789004441019.
الموضوعات:
الوصول للمادة أونلاين: Login to view Source
الوسوم: إضافة وسم
رقم الطلب: BR21
| LEADER | 02782nam a22004691i 4500 | ||
|---|---|---|---|
| 001 | BRILL9789004446557 | ||
| 003 | nllekb | ||
| 005 | 20210602103752.0 | ||
| 006 | m d | ||
| 007 | cr un uuuua | ||
| 008 | 201201s2021 ne sb 001 0 eng d | ||
| 010 | |a 2020045223 | ||
| 020 | |a 9789004446557 |q (electronic book) | ||
| 020 | |a 9789004445963 |q (print) | ||
| 024 | 7 | |a 10.1163/9789004446557 |2 DOI | |
| 035 | |z (OCoLC)1198558961 | ||
| 040 | |a NL-LeKB |c NL-LeKB |e rda | ||
| 050 | 4 | |a BR21 | |
| 072 | 7 | |a HRC |2 bicssc | |
| 072 | 7 | |a REL |x 070000 |2 bisacsh | |
| 082 | 0 | 4 | |a 220.6 |2 23 |
| 100 | 1 | |a Summerson, Andrew J., |e author. | |
| 245 | 1 | 0 | |a Divine Scripture and Human Emotion in Maximus the Confessor : |b Exegesis of the Human Heart / |c Andrew J. Summerson. |
| 246 | 3 | |a Exegesis of the Human Heart | |
| 264 | 1 | |a Leiden; |a Boston : |b BRILL, |c 2021. | |
| 300 | |a 1 online resource. | ||
| 336 | |a text |b txt |2 rdacontent | ||
| 337 | |a computer |b c |2 rdamedia | ||
| 338 | |a online resource |2 rdacarrier | ||
| 490 | 1 | |a The Bible in Ancient Christianity ; |v 15 | |
| 490 | 1 | |a Biblical Studies, Ancient Near East and Early Christianity E-Books Online, Collection 2021, ISBN: 9789004441019 | |
| 504 | |a Includes bibliographical references and index. | ||
| 520 | |a "In Exegesis of the Human Heart Andrew J. Summerson explores how Maximus the Confessor uses biblical interpretation to develop an account of human passibility, from fallen human passions to perfected human emotions among the divinized. This book features Maximus's role as a creative interpreter of tradition. Maximus inherits Christian thinking on emotion, which revises Stoic and Platonic thought according to biblical categories. Through a close reading of Quaestiones ad Thalassium and a wide selection of Maximus's works, Andrew J. Summerson shows that Maximus understands human emotion in an exegetical milieu and that Maximus places human emotion at the heart of his soteriology. Christ redeems passibility so the divinized can enjoy perfected emotional activity in the ever-moving repose of eternal life"-- |c Provided by publisher. | ||
| 588 | |a Description based on print version record. | ||
| 650 | 0 | |a Biblical interpretation. | |
| 776 | 0 | 8 | |i Print version: |t Divine Scripture and Human Emotion in Maximus the Confessor : Exegesis of the Human Heart, |d Leiden ; Boston : BRILL, 2021 |z 9789004445963 |w (DLC) 2020045222 |
| 830 | 0 | |a The Bible in Ancient Christianity ; |v 15. | |
| 830 | 0 | |a Biblical Studies, Ancient Near East and Early Christianity E-Books Online, Collection 2021, ISBN: 9789004441019. | |
| 856 | 4 | |z DOI: |u http://dx.doi.org/10.1163/9789004446557 | |
| 942 | |c EBOOK | ||
| 952 | |0 0 |1 0 |4 0 |7 1 |9 15444 |a BRILL |b BRILL |d 2021-06-02 |l 0 |r 2021-06-02 00:00:00 |w 2021-06-02 |y EBOOK | ||
| 999 | |c 36891 |d 36891 | ||
